00424 2200157 4500001002100000005001500021035002000036245007800056100002000134300001100154260004500165082000800210084001400218020002200232990001200254INLIS00000000000179220250506092343 a0010-05250000841 aCerita Rakyat :bSeri Legenda Dari Indonesia Timur /cDrs.Valentino Barus0 aValentino Barus a54 hlm aJakarta :bPT. Lestari Kiranatama,c2010 a813 a813 VAL c a978-602-8982-08-5 a0754581